|
|
|
|
| LEADER |
00000nam a2200000 a 4500 |
| 001 |
vtls010278537 |
| 003 |
SK-MaSNL |
| 005 |
20260301031743.0 |
| 007 |
co gg muuua |
| 008 |
240314s2010 xo dol fsp 000 0 slo |
| 015 |
|
|
|a SNBS2013
|
| 020 |
|
|
|a 9788055306155 (elektronická kniha)
|
| 040 |
|
|
|a SNK
|b slo
|c SNK
|e AACR2
|
| 041 |
0 |
|
|a slo
|
| 044 |
|
|
|a xo
|c SK
|
| 072 |
|
7 |
|a 539
|x Fyzikálna stavba hmoty. Jadrová fyzika. Molekulová fyzika
|2 konspekt
|
| 080 |
|
|
|a 539.3
|2 2001
|
| 080 |
|
|
|a 539.4
|2 2001
|
| 080 |
|
|
|a (075.8)
|2 2001
|
| 080 |
|
|
|a (0.034.44)
|2 2001
|
| 100 |
1 |
|
|a Kormaníková, Eva,
|d 1962-
|4 aut
|9 199602
|
| 245 |
1 |
0 |
|a Pružnosť a pevnosť
|h elektronický zdroj
|c [Eva Kormaníková, Kamila Kotrasová]
|
| 250 |
|
|
|a 1. vyd.
|
| 260 |
|
|
|a Košice
|b Technická univerzita, Stavebná fakulta
|c 2010
|
| 300 |
|
|
|a 1 elektronický optický disk (CD-ROM)
|b fotogr., grafy, sch., tab.
|c 12 cm
|
| 500 |
|
|
|a Názov z titulnej obrazovky
|
| 504 |
|
|
|a Bibliogr. odkazy
|
| 516 |
|
|
|a Textový dokument (učebnica), súbory vo formáte htm, pdf
|
| 536 |
|
|
|a Projekt "Balík inovatívnych prvkov pre reformu vzdelávania na TUKE" (ITMS kód projektu 26110230018)
|
| 538 |
|
|
|a Technické požiadavky: internetový prehliadač, PDF prehliadač
|
| 650 |
0 |
7 |
|a pružnosť
|2 SNKPH
|9 1635
|
| 650 |
0 |
7 |
|a pevnosť
|2 SNKPH
|9 1636
|
| 650 |
0 |
7 |
|a Elasticity
|2 SNKPHeng
|9 314298
|
| 650 |
0 |
7 |
|a Strength of materials
|2 SNKPHeng
|9 316662
|
| 650 |
0 |
7 |
|a pružnosť a pevnosť
|2 SNKPH
|9 82754
|
| 655 |
|
7 |
|a elektronické zdroje
|2 SNKPH
|9 90954
|
| 655 |
|
7 |
|a CD-ROM
|2 SNKPH
|9 70236
|
| 655 |
|
7 |
|a učebnice vysokých škôl
|2 SNKPH
|9 70191
|
| 655 |
|
7 |
|a Electronic resources
|2 SNKPHeng
|9 175546
|
| 655 |
|
7 |
|a Textbooks (higher)
|2 SNKPHeng
|9 276436
|
| 700 |
1 |
|
|a Kotrasová, Kamila,
|d 1960-
|4 aut
|9 199604
|
| 919 |
|
|
|a 978-80-553-0615-5
|
| 958 |
|
|
|a NB
|
| 999 |
|
|
|c 577260
|d 579190
|
| 952 |
|
|
|a SNK
|b SNK
|y PREZ
|7 0
|p 17A0702840
|o snkSCDM 3798
|i snk2011/11128
|8 0
|0 0
|1 0
|4 0
|d 2011-05-16
|l 0
|r 2026-02-23 14:37:46
|w 2026-02-23
|